Straight Up Trivia #3: Seven Summits - Statistics

General Stats
  • This quiz has been taken 44 times
  • The average score is 7 of 10
Answer Stats
Hint Answer % Correct
Aconcagua is in what mountain range, the longest continental mountain range in the world? Andes
79%
At the other end of the elevation spectrum, the lowest point on earth is on the shores of what highly salinated lake? Dead Sea
79%
Mount Elbrus and the Caucasus Range were formed from the collision of the the Eurasian plate with what plate? This plate underlies most of the Middle East including its namesake peninsula. Arabian
76%
Denali has, at times, had an alternative name in honor of what U.S. president? The president never visited Alaska. McKinley
76%
Early Europeans claimed that the name Kilimanjaro came from what language? The language is an official language in four countries: Tanzania, Kenya, Uganda, and Rwanda. Swahili
76%
Maybe you don't consider the Caucasus to be part of Europe. If so, what is the highest point in Europe? It is the tallest mountain in the Alps. Mount Blanc
66%
Puncak Jaya may or may not be the highest point in Oceania, depending on whether you consider the island it is on as part of Oceania or Asia. What island is Puncak Jaya on? New Guinea
62%
The 1996 climbing season of Mount Everest, in which 15 climbers died, was the basis of what bestseller by Jon Krakauer? Into Thin Air
55%
Maybe you don't think Puncak Jaya counts, and you would include Mount Kosciuszko in Australia as one of the seven summits. Kosciuszko was a Polish hero of many conflicts, including the American Revolution, in which he helped build the fort at what location in New York, now home to the U.S. Military (Army) Academy ? West Point
52%
Vinson Massif, the highest point of Antarctica, has large deposits of fossils of what extinct arthropod, named for its lengthwise parts: the axial in the center and the two pleural on either side. Trilobites
31%
No matching quizzes found
Score Distribution
Percent of People with Each Score
Percentile by Number Answered
Your Score History
You have not taken this quiz